Dogs... or Cats? - by Country - Statistics

General Stats
  • This quiz has been taken 82 times
  • The average score is 7 of 15
Answer Stats
Question Answer % Correct
Australia Dogs
78%
Brazil Dogs
78%
China Cats
67%
Indonesia Cats
67%
South Africa Dogs
56%
Italy Cats
50%
Sweden Cats
44%
Japan Dogs
44%
Poland Dogs
39%
Russia Cats
33%
Portugal Cats
33%
India Dogs
33%
Turkey Dogs
33%
France Cats
28%
Ukraine Cats
28%
No matching quizzes found
Score Distribution
Percent of People with Each Score
Percentile by Number Answered
Your Score History
You have not taken this quiz